Revista de historia (Record no. 2482)
[ view plain ]
| 000 -CABECERA | |
|---|---|
| campo de control de longitud fija | 00585cas a22001812a 4500 |
| 001 - NÚMERO DE CONTROL | |
| campo de control | 000573 |
| 003 - IDENTIFICADOR DEL NÚMERO DE CONTROL | |
| campo de control | AR-FADEU |
| 005 - FECHA Y HORA DE LA ÚLTIMA TRANSACCIÓN | |
| campo de control | 20230925124411.0 |
| 008 - DATOS DE LONGITUD FIJA--INFORMACIÓN GENERAL | |
| campo de control de longitud fija | 311216n############xxu####################dd |
| 040 ## - FUENTE DE LA CATALOGACIÓN | |
| Centro/agencia transcriptor | Biblioteca Ernesto Sábato |
| 092 ## - SIGNATURA TOPOGRÁFICA | |
| Número de clasificación | PP(980) |
| Libristica | REV |
| 245 ## - MENCIÓN DE TÍTULO | |
| Título | Revista de historia |
| 260 ## - PUBLICACIÓN, DISTRIBUCIÓN, ETC. (PIE DE IMPRENTA) | |
| Nombre del editor, distribuidor, etc. | Facultad de Humanidades. Departamento de Historia |
| 260 ## - PUBLICACIÓN, DISTRIBUCIÓN, ETC. (PIE DE IMPRENTA) | |
| Lugar de publicación, distribución, etc. | Neuquén |
| 260 ## - PUBLICACIÓN, DISTRIBUCIÓN, ETC. (PIE DE IMPRENTA) | |
| Lugar de publicación, distribución, etc. | Universidad Nacional del Comahue |
| 300 ## - DESCRIPCIÓN FÍSICA | |
| Otras características físicas | 1991 (2);1992 (3), 1994 (4); 1996 (6); 1998 (7); 2000 (8); 2001/2002 (9); 2005 (10); 2006 (3); 2007/2008 (2) |
| 942 ## - ELEMENTOS DE PUNTO DE ACCESO ADICIONAL (KOHA) | |
| Tipo de ítem Koha | PPGR |
| Fuente del sistema de clasificación o colocación | Dewey Decimal Classification |
| Estado de retiro | Estado de pérdida | Fuente del sistema de clasificación o colocación | Estado dañado | No para préstamo | Localización permanente | Ubicación/localización actual | Fecha de adquisición | Total de préstamos | Signatura topográfica completa | Fecha visto por última vez | Precio válido a partir de | Tipo de ítem Koha |
|---|---|---|---|---|---|---|---|---|---|---|---|---|
| Dewey Decimal Classification | Biblioteca Ernesto Sabato - FADECS - UNCOMA | Biblioteca Ernesto Sabato - FADECS - UNCOMA | 25/09/2023 | PP(980) REV | 25/09/2023 | 25/09/2023 | PPGR |